| 000 | 00775cam a22002412 4500 | ||
|---|---|---|---|
| 001 | 0000024147 | ||
| 005 | 20151021151150.0 | ||
| 008 | 130614s xx 000 0 eng d | ||
| 020 | _a8131516822 : | ||
| 040 |
_aKABU _cKABU |
||
| 050 | 0 |
_aHF5415.3 _b.K37 2011 |
|
| 100 | 1 |
_aKardes, Frank R. _@0000151537 |
|
| 245 | 1 | 0 |
_aConsumer behavior : _bscience and practice / _cFrank R. Kardes, Thomas W. Cline, Maria L. Cronley. |
| 250 | _a1st ed. | ||
| 260 |
_aDelhi : _bCengage Learning, _cc2011. |
||
| 300 | _axx, 459 p. | ||
| 650 | 0 |
_aConsumer behavior. _@0000151538 |
|
| 700 | 1 |
_aCline, Thomas W. _@0000184099 |
|
| 700 | 1 |
_aCronley, Maria L. _@0000184100 |
|
| 852 | 1 | _9p1710 KES | |
| 908 | _a130614 | ||
| 950 | _@1 | ||
| 999 |
_c1391 _d1391 |
||